000
00311nam a22001337a 4500
008
180924b xxu||||| |||| 00| 0 eng d
020
_a
21149
041
_a
eng
080
_a
621
100
_a
28
101
_a
MEK
245
_a
Electrical and Electronic Engineering Series
_c
Fitzgerald, A.E
942
_2
udc
_c
BK
999
_c
48369
_d
48369